<?xml version="1.0" encoding="UTF-8"?>
<record
    xmlns:xsi="http://www.w3.org/2001/XMLSchema-instance"
    xsi:schemaLocation="http://www.loc.gov/MARC21/slim http://www.loc.gov/standards/marcxml/schema/MARC21slim.xsd"
    xmlns="http://www.loc.gov/MARC21/slim">

  <leader>00503nam a22001577a 4500</leader>
  <controlfield tag="003">LRUA</controlfield>
  <controlfield tag="005">20231024214652.0</controlfield>
  <controlfield tag="008">231024b        xxu||||| |||| 00| 0 eng d</controlfield>
  <datafield tag="040" ind1=" " ind2=" ">
    <subfield code="c">RUA</subfield>
  </datafield>
  <datafield tag="082" ind1=" " ind2=" ">
    <subfield code="2">RUA &#x1785;&#x17D0;&#x1793;&#x17D2;&#x1791; &#x17E2;&#x17E0;&#x17E1;&#x17E2; C336 Or.</subfield>
  </datafield>
  <datafield tag="100" ind1=" " ind2=" ">
    <subfield code="9">16050</subfield>
    <subfield code="a">&#x1785;&#x17D0;&#x1793;&#x17D2;&#x1791;&#x200B; &#x179F;&#x17B6;&#x179A;&#x17BB;&#x1793;</subfield>
  </datafield>
  <datafield tag="245" ind1=" " ind2=" ">
    <subfield code="a">&#x1780;&#x17D2;&#x179A;&#x179F;&#x17BD;&#x1784;&#x200B;&#x1780;&#x179F;&#x17B7;&#x1780;&#x1798;&#x17D2;&#x1798; &#x179A;&#x17BB;&#x1780;&#x17D2;&#x1781;&#x17B6;&#x1794;&#x17D2;&#x179A;&#x1798;&#x17B6;&#x1789;&#x17CB; &#x1793;&#x17B7;&#x1784;&#x1793;&#x17C1;&#x179F;&#x17B6;&#x1791;</subfield>
  </datafield>
  <datafield tag="260" ind1=" " ind2=" ">
    <subfield code="a">Phnom Penh</subfield>
    <subfield code="b">RUA</subfield>
    <subfield code="c">2012</subfield>
  </datafield>
  <datafield tag="300" ind1=" " ind2=" ">
    <subfield code="a">183P</subfield>
    <subfield code="c">24cm</subfield>
  </datafield>
  <datafield tag="942" ind1=" " ind2=" ">
    <subfield code="2">ddc</subfield>
    <subfield code="c">KB</subfield>
  </datafield>
  <datafield tag="999" ind1=" " ind2=" ">
    <subfield code="c">22060</subfield>
    <subfield code="d">22060</subfield>
  </datafield>
  <datafield tag="952" ind1=" " ind2=" ">
    <subfield code="0">0</subfield>
    <subfield code="1">0</subfield>
    <subfield code="2">ddc</subfield>
    <subfield code="4">0</subfield>
    <subfield code="6">RUA_&#x1780;&#x179A;&#x179F;&#x17BD;&#x1784;_&#x17E2;&#x17E0;&#x17E1;&#x17E2;_000000000000000_C336_OR</subfield>
    <subfield code="7">0</subfield>
    <subfield code="9">96222</subfield>
    <subfield code="a">LBC</subfield>
    <subfield code="b">LBC</subfield>
    <subfield code="c">C336</subfield>
    <subfield code="d">2023-10-24</subfield>
    <subfield code="o">RUA &#x1780;&#x17D2;&#x179A;&#x179F;&#x17BD;&#x1784; &#x17E2;&#x17E0;&#x17E1;&#x17E2; C336 Or.</subfield>
    <subfield code="p">A22809</subfield>
    <subfield code="r">2023-10-24</subfield>
    <subfield code="w">2023-10-24</subfield>
    <subfield code="y">KB</subfield>
  </datafield>
</record>
